[Event "Twente Young Master op-C"]
[Site "Twente"]
[Date "2007.08.10"]
[Round "7"]
[White "Terlouw, Mario"]
[Black "Duburg, Jamie"]
[Result "1/2-1/2"]
[WhiteElo "1751"]
[BlackElo "1827"]
[PlyCount "56"]
[EventDate "2007.08.06"]
[EventType "swiss"]
[EventRounds "9"]
[EventCountry "NED"]
[SourceTitle "EXT 2008"]
[Source "ChessBase"]
[SourceDate "2007.11.25"]
[SourceVersion "1"]
[SourceVersionDate "2007.11.25"]
[SourceQuality "1"]

1. e4 d5 2. exd5 Qxd5 3. d4 Nf6 4. Nc3 Qa5 5. h3 Bf5 6. Nf3 Nbd7 7. Bc4 e6 8. 0-0 c6 9. Re1 Qc7 10. Ng5 h6 11. Nxf7 Kxf7 12. g4 Bxg4 13. hxg4 Re8 14. Qe2 Qd6 15. f4 Nb6 16. Bb3 Nbd5 17. Qf3 Be7 18. Re2 g6 19. Bd2 Bd8 20. Rae1 Bb6 21. Nxd5 exd5 22. c3 Qd7 23. Bc2 Rxe2 24. Rxe2 Qxg4+ 25. Qxg4 Nxg4 26. Rg2 h5 27. f5 gxf5 28. Bxf5 Re8 1/2-1/2